000 00566cam a2200193 a 4500
001 000018681
005 20200929165834.0
008 840821s1991 bl 000 1 por
040 _aDO-SdBNP
_bpor
_cLC
_dBNPHU
050 0 0 _aPQ9697.A7185
_bB48 1984
082 _ann*
_bA553b, 1991
100 1 _aAndrade, Carlos Drummond de,
_d1902-1987.
_940342
245 1 0 _aBoca de luar /
_cCarlos Drummond de Andrade.
250 _a8a ed.
260 _aRio de Janeiro :
_bRecord,
_c1991.
300 _a217 p. ;
_c21 cm.
910 _aCatalogación derivada / LC
049 _aBNGR
999 _c18201
_d18201